header

Digital literacy (Record no. 252044)

MARC details
000 -LEADER
fixed length control field 00629nam a22002057a 4500
003 - CONTROL NUMBER IDENTIFIER
control field OSt
005 - DATE AND TIME OF LATEST TRANSACTION
control field 20200717132712.0
008 - FIXED-LENGTH DATA ELEMENTS--GENERAL INFORMATION
fixed length control field 200717b xxu||||| |||| 00| 0 eng d
010 ## - LIBRARY OF CONGRESS CONTROL NUMBER
LC control number 96046961
020 ## - INTERNATIONAL STANDARD BOOK NUMBER
International Standard Book Number 0471165204 (alk. paper)
040 ## - CATALOGING SOURCE
Transcribing agency n/a
050 ## - LIBRARY OF CONGRESS CALL NUMBER
Classification number TK5105.875.I57
Item number G5297 1997
100 ## - MAIN ENTRY--PERSONAL NAME
Personal name Gilster, Paul
Dates associated with a name 1949-
245 ## - TITLE STATEMENT
Title Digital literacy
Statement of responsibility, etc Paul Gilster.
260 ## - PUBLICATION, DISTRIBUTION, ETC. (IMPRINT)
Date of publication, distribution, etc New York :
Place of publication, distribution, etc Wiley Computer Pub.,
Name of publisher, distributor, etc c1997.
300 ## - PHYSICAL DESCRIPTION
Extent xii, 276 p. ;
Dimensions 23 cm.
504 ## - BIBLIOGRAPHY, ETC. NOTE
Bibliography, etc Includes bibliographical references (p. 261-270) and index.
650 ## - SUBJECT ADDED ENTRY--TOPICAL TERM
Topical term or geographic name as entry element Internet literacy. ; Computer literacy
942 ## - ADDED ENTRY ELEMENTS (KOHA)
Koha item type Long Loan Books
Source of classification or shelving scheme Library of Congress Classification
Holdings
Withdrawn status Lost status Source of classification or shelving scheme Damaged status Not for loan Collection code Home library Current library Shelving location Date acquired Total Checkouts Full call number Barcode Date last seen Price effective from Koha item type
    Library of Congress Classification     Non-fiction Rongo University Library Rongo University Library General Stacks 20/01/2016   TK5105.875.157G52971997 20168500 20/01/2016 20/01/2016 Long Loan Books

© 2026 Rongo University
Contact us: librarian | system librarian | Rongo university